000 00732nam1a22002411 4500
001 rc\4435881
005 20130416155949.1
035 _a(NLR Aleph) 008313206
090 _a8710511
_c8710511
100 _a20130416d1968 |||y0rusy50 ca
101 0 _arus
102 _aRU
105 _a z |||||
200 1 _aЭлектроника в военных играх
_eВып. 1-2
_fЦентр. станция юных техников РСФСР
210 _aМосква
_cМалыш
_d1968
215 _d23
225 1 _aДля умелых рук
700 1 _aИванов
_bБ. С.
_gБорис Сергеевич
801 0 _aRU
_bNLR
_gpsbo
801 1 _aRU
_bELAR
_2rusmarc
852 _aNLR
_jП49/855
942 _cBOOK
980 _aNB